00724nam a22001817a 4500003000900000008004100009040007100050082001800121100002900139245007700168260003500245300002800280440002900308505015600337650001600493650001300509650002000522AR-CdUCM190325b ||||| |||| 00| 0 spa d aMUNICIPALIDAD PROVINCIAL DEL CUSCOcBIBLIOTECA MUNICIPAL DEL CUSCO a129.37 /bW15 aWagner de Reyna, Alberto aLa ontología fundamental de Heidegger :bsu motivo y significación / aBuenos Aires :bLosada,c1939. a137 páginas ;c18 cm. aBiblioteca Filosófica. aContenido: Planteo de la pregunta -- Objeto de la pregunta -- Estructuración de la pregunta -- Dirección de la pregunta -- Modo de la pregunta ...  aOntología aOrígen aReencarnación